Everest, the hard way / (Record no. 5945)
[ view plain ]
| 000 -LEADER | |
|---|---|
| fixed length control field | 00873cam a2200301 i 4500 |
| 001 - CONTROL NUMBER | |
| control field | 2633576 |
| 003 - CONTROL NUMBER IDENTIFIER | |
| control field | OCoLC |
| 005 - DATE AND TIME OF LATEST TRANSACTION | |
| control field | 20190111112011.0 |
| 008 - FIXED-LENGTH DATA ELEMENTS--GENERAL INFORMATION | |
| fixed length control field | 761116r1976uuuunyuaf 001 0 eng |
| 010 ## - LIBRARY OF CONGRESS CONTROL NUMBER | |
| LC control number | 76014196 |
| 020 ## - INTERNATIONAL STANDARD BOOK NUMBER | |
| International Standard Book Number | 0394407865 : |
| 035 ## - SYSTEM CONTROL NUMBER | |
| System control number | .b56504123 |
| 040 ## - CATALOGING SOURCE | |
| Original cataloging agency | DLC |
| Transcribing agency | DLC |
| 043 ## - GEOGRAPHIC AREA CODE | |
| Geographic area code | a-np--- |
| -- | a-cc-ti |
| 049 ## - LOCAL HOLDINGS (OCLC) | |
| Holding library | OSUU |
| 050 0# - LIBRARY OF CONGRESS CALL NUMBER | |
| Classification number | GV199.44.E85 |
| Item number | B66 1976 |
| 050 00 - LIBRARY OF CONGRESS CALL NUMBER | |
| Classification number | GV199.44.E85 |
| Item number | B66 1976 |
| 082 00 - DEWEY DECIMAL CLASSIFICATION NUMBER | |
| Classification number | 915.49 |
| Item number | B715E |
| 100 1# - MAIN ENTRY--PERSONAL NAME | |
| Personal name | Bonington, Chris |
| 245 10 - TITLE STATEMENT | |
| Title | Everest, the hard way / |
| Statement of responsibility, etc. | Chris Bonington |
| 250 ## - EDITION STATEMENT | |
| Edition statement | 1st American ed |
| 260 ## - PUBLICATION, DISTRIBUTION, ETC. | |
| Place of publication, distribution, etc. | New York : |
| Name of publisher, distributor, etc. | Random House, |
| Date of publication, distribution, etc. | c1976 |
| 300 ## - PHYSICAL DESCRIPTION | |
| Extent | xiv, 303 p., [32] leaves of plates : |
| Other physical details | ill. ; |
| Dimensions | 24 cm |
| 500 ## - GENERAL NOTE | |
| General note | Includes index |
| 650 #0 - SUBJECT ADDED ENTRY--TOPICAL TERM | |
| Topical term or geographic name entry element | Mountaineering |
| Geographic subdivision | Everest, Mount (China and Nepal) |
| 651 #0 - SUBJECT ADDED ENTRY--GEOGRAPHIC NAME | |
| Geographic name | Everest, Mount (China and Nepal) |
| General subdivision | Description and travel |
| 942 ## - ADDED ENTRY ELEMENTS (KOHA) | |
| Source of classification or shelving scheme | Dewey Decimal Classification |
| Koha item type | Books |
| Withdrawn status | Lost status | Source of classification or shelving scheme | Damaged status | Not for loan | Collection code | Home library | Current library | Shelving location | Date acquired | Cost, normal purchase price | Total Checkouts | Full call number | Barcode | Date last seen | Price effective from | Koha item type |
|---|---|---|---|---|---|---|---|---|---|---|---|---|---|---|---|---|
| Dewey Decimal Classification | Non-fiction | Harvest Mission College | Harvest Mission College | General Stacks | 11.01.2019 | 1350.00 | 915.49 B715E | 006774 | 11.01.2019 | 11.01.2019 | Books |
